logo

Bir Sreshtho Munshi Abdur Rouf Library
Jhenaidah Cadet College

Practical newspaper reporting / (Record no. 7742)

MARC details
000 -LEADER
fixed length control field 01031cam a2200337 a 4500
001 - CONTROL NUMBER
JCCL Control Number 7742
003 - CONTROL NUMBER IDENTIFIER
JCCL marc code BD-JhCC
005 - DATE AND TIME OF LATEST TRANSACTION
control field 20180213133005.0
008 - FIXED-LENGTH DATA ELEMENTS--GENERAL INFORMATION
fixed length control field 091210s2011 caua bf 001 0 eng d
020 ## - INTERNATIONAL STANDARD BOOK NUMBER
International Standard Book Number 9781847878960 (hbk.)
020 ## - INTERNATIONAL STANDARD BOOK NUMBER
International Standard Book Number 1847878962 (hbk.)
020 ## - INTERNATIONAL STANDARD BOOK NUMBER
International Standard Book Number 9781847878977 (pbk.)
020 ## - INTERNATIONAL STANDARD BOOK NUMBER
International Standard Book Number 1847878970 (pbk.)
035 ## - SYSTEM CONTROL NUMBER
system control number (BD-JhCC)7742
040 ## - CATALOGING SOURCE
Original cataloging agency NLE
Transcribing agency NLE
Modifying agency S8J
-- CDX
-- YDXCP
-- BTCTA
-- BWK
-- UKMGB
-- DLC
-- BD-JhCC
041 ## - LANGUAGE CODE
Language code of Book eng
050 00 - LIBRARY OF CONGRESS CALL NUMBER
Classification number PN4781
Item number .H32 2011
082 04 - DEWEY DECIMAL CLASSIFICATION NUMBER
Classification number 070.4
DDC Edition number 22
Author mark and Year SPA 2011
100 1# - MAIN ENTRY--PERSONAL NAME
Personal name Spark, David.
245 10 - TITLE STATEMENT
Title Practical newspaper reporting /
Statement of responsibility, etc David Spark and Geoffrey Harris.
250 ## - EDITION STATEMENT
Edition statement 4th ed.
260 ## - PUBLICATION, DISTRIBUTION, ETC. (IMPRINT)
Place of publication, distribution, etc Los Angeles, Calif. :
Name of publisher, distributor, etc SAGE,
Date of publication, distribution, etc 2011.
300 ## - PHYSICAL DESCRIPTION
Pagination xiv, 210 p. :
Other physical details ill. ;
Dimensions 24 cm.
500 ## - GENERAL NOTE
General note Previous ed.: Oxford: Focal, 1997.
504 ## - BIBLIOGRAPHY, ETC. NOTE
Bibliography, etc Includes bibliographical references and index.
650 #0 - SUBJECT ADDED ENTRY--TOPICAL TERM
Topical term or geographic name as entry element Reporters and reporting.
650 #0 - SUBJECT ADDED ENTRY--TOPICAL TERM
Topical term or geographic name as entry element Journalism
Form subdivision Handbooks, manuals, etc.
700 1# - ADDED ENTRY--PERSONAL NAME
Personal name Harris, Geoffrey.
942 ## - ADDED ENTRY ELEMENTS (KOHA)
Source of classification or shelving scheme Dewey Decimal Classification
Koha item type Books
Holdings
Source of classification or shelving scheme Damaged status Not for loan Home library Current library Shelving location Total Checkouts Full call number Barcode Date last seen Copy number Koha item type
Dewey Decimal Classification     JCC Rouf Library JCC Rouf Library General Stacks   070.4 SPA 2011 10359 02/13/2018 C -1 Books

JCC Library | Contacts | JCC Home

Last Update on 23 September 2017
Copyright @ 2017-2020 JCC Rouf Library
Rouf Library, Jhenidah Cadet College (JCC), Bangladesh